000 00648nam a2200193 a 4500
001 000035331
005 20200930074249.0
008 111027s1973 sp 000 0 spa d
020 _a8434406659
040 _aDO-SdBNP
_bspa
_cBNPHU
082 _axxxx
_bxxxx
100 1 _aMalinowski, Bronislaw
_961110
245 1 0 _aCrimen y costumbre en la sociedad salvaje /
_cBronislaw Malinowski.
250 _a4a ed.
260 _aBarcelona, :
_bAriel,
_c1973.
300 _a156 p. ;
_c18 cm.
504 _aInccluye referencias bibliográficas y notas al pie de las páginas
590 _aPerteneció a la biblioteca personal de Juan Isidro Jimenes Grullón.
999 _c34822
_d34822